| 000 | 00553nam a2200181Ia 4500 | ||
|---|---|---|---|
| 999 |
_c2323 _d2323 |
||
| 003 | GBCCL | ||
| 005 | 20241126110426.0 | ||
| 008 | 170803b xxu||||| |||| 00| 0 eng d | ||
| 040 | _cgbc | ||
| 082 |
_a221.067 _bTRU |
||
| 245 | _aThe true guidance | ||
| 260 |
_blight of life , _aAustria : _c1992 |
||
| 300 | _a346p. | ||
| 505 | _av.2- False charges against the Old Testament, v.4 An introduction to Quranic studies, v.5 Comments on Quranic verses | ||
| 630 |
_aBible _9599 |
||
| 650 |
_aO.T. _vhistorical criticism _94809 |
||
| 942 |
_e1ST ED _2ddc _cBK _01 |
||